Cities in Colombia - Sudden Death - Statistics

General Stats
  • This quiz has been taken 35 times
  • The average score is 10 of 20
Answers on the Grid
Answers color-coded by a green-red scale on the quiz's grid according to % correct below.
Colón
Buenaventura
Guayaquil
Armenia
Bucaramanga
Iquitos
Valledupar
Yopal
Piura
Ibagué
Tulcán
Mérida
Manaus
Barranquilla
Maturín
Santo Domingo
Tunja
Villavicencio
Cúcuta
Cartagena
Bogotá
David
Maracaibo
Caracas
Medellín
Esmeraldas
Montería
Buena Vista
Tabatinga
Pasto
Santa Marta
Popayán
Leticia
Neiva
Quito
Cali
 
Answer Stats
Answer % Correct
Bogotá
76%
Medellín
76%
Barranquilla
72%
Cali
72%
Cartagena
72%
Bucaramanga
56%
Buenaventura
52%
Ibagué
52%
Cúcuta
48%
Leticia
48%
Pasto
48%
Popayán
48%
Santa Marta
44%
Yopal
44%
Armenia
40%
Neiva
40%
Villavicencio
40%
Valledupar
36%
Montería
32%
Tunja
32%
No matching quizzes found
Score Distribution
Percent of People with Each Score
Percentile by Number Answered
Your Score History
You have not taken this quiz